[Event "Brownsville GM"]
[Site "Brownsville"]
[Date "2015.05.16"]
[Round "6"]
[White "Vasquez, Simon III"]
[Black "Vazquez, Guillermo"]
[Result "0-1"]
[WhiteElo "2073"]
[BlackElo "2438"]
[PlyCount "48"]
[EventDate "2015.05.13"]
[EventType "tourn"]
[EventRounds "9"]
[EventCountry "USA"]
[EventCategory "8"]
[SourceTitle "CBM 166 Extra"]
[Source "ChessBase"]
[SourceDate "2015.06.18"]
[SourceVersion "1"]
[SourceVersionDate "2015.06.18"]
[SourceQuality "1"]

1. e4 c5 2. Nc3 e6 3. Nf3 Nc6 4. d4 cxd4 5. Nxd4 Qc7 6. Be3 a6 7. Bd3 Nf6 8. Nxc6 bxc6 9. f4 d5 10. e5 Nd7 11. 0-0 c5 12. Bf2 Be7 13. Qg4 0-0 14. Qh3 f5 15. Qg3 Bb7 16. Nd1 Rf7 17. c4 d4 18. b3 g5 19. Re1 Rg7 20. Bf1 gxf4 21. Qxf4 Bg5 22. Qg3 Bd2 23. Qh3 Bxe1 24. Bxe1 Kh8 0-1

[Event "USA tt playoff"]
[Site "ICC INT"]
[Date "2014.11.12"]
[Round "1"]
[White "Brodsky, David"]
[Black "Vasquez, Simon III"]
[Result "0-1"]
[WhiteElo "2070"]
[BlackElo "2045"]
[PlyCount "98"]
[EventDate "2014.11.12"]
[EventType "team-k.o."]
[EventRounds "3"]
[EventCountry "USA"]
[SourceTitle "EXT 2015"]
[Source "ChessBase"]
[SourceDate "2014.11.20"]
[SourceVersion "1"]
[SourceVersionDate "2014.11.20"]
[SourceQuality "1"]
[WhiteTeam "New York"]
[BlackTeam "Rio Grande"]
[WhiteTeamCountry "USA"]
[BlackTeamCountry "USA"]

1. e4 c5 2. Nf3 g6 3. d4 cxd4 4. Nxd4 Nc6 5. c4 Nf6 6. Nc3 d6 7. Be2 Nxd4 8. Qxd4 Bg7 9. Be3 0-0 10. Qd2 Be6 11. 0-0 Qa5 12. Rab1 Rfc8 13. b3 a6 14. Rfc1 Nd7 15. Nd5 Qxd2 16. Bxd2 Bxd5 17. exd5 Nc5 18. f3 Bd4+ 19. Kf1 Kg7 20. Bc3 Bxc3 21. Rxc3 Nd7 22. f4 Rc7 23. Re3 Re8 24. Re1 h6 25. h4 h5 26. Bd3 Nf6 27. Rg3 Ng4 28. Be2 f5 29. Bxg4 hxg4 30. Rge3 Kf7 31. Re6 b5 32. cxb5 axb5 33. h5 gxh5 34. Rh6 Rc5 35. Rd1 Kg7 36. Rxh5 Kg6 37. Rh1 Rec8 38. Ke2 Rc2+ 39. Kd3 Rxg2 40. Rde1 Rg3+ 41. Kd2 Rh3 42. Rxh3 gxh3 43. Rh1 Rc5 44. Rxh3 Rxd5+ 45. Kc3 e5 46. fxe5 dxe5 47. a4 bxa4 48. bxa4 f4 49. Kb4 e4 0-1

[Event "USA tt"]
[Site "ICC INT"]
[Date "2014.10.28"]
[Round "10"]
[White "Noble, Matthew"]
[Black "Vasquez, Simon III"]
[Result "0-1"]
[WhiteElo "2260"]
[BlackElo "2045"]
[PlyCount "120"]
[EventDate "2014.08.26"]
[EventType "team-tourn"]
[EventRounds "10"]
[EventCountry "USA"]
[SourceTitle "EXT 2015"]
[Source "ChessBase"]
[SourceDate "2014.11.20"]
[SourceVersion "1"]
[SourceVersionDate "2014.11.20"]
[SourceQuality "1"]
[WhiteTeam "Arizona"]
[BlackTeam "Rio Grande"]
[WhiteTeamCountry "USA"]
[BlackTeamCountry "USA"]

1. e4 c5 2. Nf3 g6 3. d4 cxd4 4. Nxd4 Nc6 5. c4 Nf6 6. Nc3 d6 7. Be2 Nxd4 8. Qxd4 Bg7 9. Be3 0-0 10. Qd2 Be6 11. Rc1 Qa5 12. 0-0 Rfc8 13. b3 a6 14. f3 b5 15. Nb1 Qxd2 16. Nxd2 bxc4 17. Bxc4 d5 18. Bd3 dxe4 19. Rxc8+ Rxc8 20. Bxa6 Ra8 21. Bc4 Bxc4 22. bxc4 exf3 23. Nxf3 Rxa2 24. Rc1 Ng4 25. Bd4 e5 26. Bb6 e4 27. Ne1 Ra6 28. h3 Rxb6 29. hxg4 Bh6 30. Rc2 Be3+ 31. Kf1 Bc5 32. g3 Rb3 33. Re2 f5 34. gxf5 gxf5 35. g4 Rg3 36. Rg2 Rxg4 37. Rxg4+ fxg4 38. Kg2 Kg7 39. Kg3 h5 40. Kf4 Bf2 41. Ng2 e3 42. Kg5 e2 43. Kxh5 g3 44. Kg4 e1Q 45. Nxe1 Bxe1 46. Kf3 Kf6 47. c5 Ke5 48. Kg2 Kd5 49. c6 Kxc6 50. Kf1 Bf2 51. Ke2 Kd5 52. Kf3 Ke5 53. Kg2 Kf4 54. Kh1 Bc5 55. Kg2 Bd6 56. Kg1 Kf3 57. Kf1 g2+ 58. Kg1 Bc5+ 59. Kh2 g1Q+ 60. Kh3 Qg3# 0-1